Principles of linear algebra
Saved in:
| Main Author: | |
|---|---|
| Format: | Book |
| Language: | English French |
| Published: |
New York :
Gordon and Breach,
c1972
|
| Subjects: | |
| Tags: |
Add Tag
No Tags, Be the first to tag this record!
|
MARC
| LEADER | 00000cam a2200000 i 4500 | ||
|---|---|---|---|
| 001 | 1/40563 | ||
| 008 | 941103s1972 eng d | ||
| 020 | |a 0677016107 | ||
| 035 | |l 10041285 | ||
| 040 | |a GR-MY-UA |b gre |e aacr | ||
| 041 | 0 | |a eng |h fre | |
| 082 | 0 | |a 512.5 | |
| 100 | 1 | |a Larrieu, J. (Jean) |d 1927- | |
| 245 | 1 | 0 | |a Principles of linear algebra / |c [by] J. Larrieu ; Translated from the French by Marina Smith-Kok |
| 260 | |a New York : |b Gordon and Breach, |c c1972 | ||
| 300 | |a 273 p.; |c 24 cm. | ||
| 504 | |a Bibliography: p. 237 | ||
| 650 | 0 | 0 | |a Algebras, Linear. |
| 852 | |a INST |b SAMOS |e 19941103 |h 512.5 LAR |p 005300003562 |q 005300003562 |t BK |y 0 | ||
| 909 | |a Σ |b 034519 | ||